Statistics for Ultimate Flags Quiz #3 - Italy

Click here to take the quiz!

General Stats

  • This quiz has been taken 5 times
  • The average score is 15 of 73

Answer Stats

Answer% Correct
Italy
80%
Calabria
60%
Emilia-Romagna
60%
Florence
60%
Genoa
60%
Kingdom of Sardinia-Piedmont
60%
Lazio
60%
Lombardy
60%
Molise
60%
Piedmont
60%
Republic of Pisa
60%
Roman Empire
60%
Rome
60%
Sardinia
60%
Sicily
60%
Apulia
40%
Friuli-Venezia Giulia
40%
Kingdom of Italy
40%
Marche
40%
Naples
40%
Republic of Venice
40%
Tuscany
40%
Veneto
40%
Venice
40%
Abruzzo
20%
Aosta Valley
20%
Basilicata
20%
Campania
20%
Friuli People
20%
Grand Duchy of Tuscany
20%
Liguria
20%
Milan
20%
Prato
20%
South Tyrol
20%
Turin
20%
Bari
0%
Benevento People
0%
Bologna
0%
Brescia
0%
Catania
0%
Cisalpine Republic
0%
Cispadane Republic
0%
Civil Ensign of Italy
0%
Duchy of Lucca
0%
Duchy of Massa and Carrara
0%
Duchy of Modena and Reggio
0%
Duchy of Parma and Piacenza
0%
Duchy of Urbino
0%
Elba People
0%
Emirate of Sicily
0%
Italian East Africa
0%
Italian Republic
0%
Italian Social Republic
0%
Judicate of Arbora
0%
Kingdom of Etruria
0%
Kingdom of Sardinia
0%
Kingdom of the Two Sicilies
0%
Ladino People
0%
Messina
0%
Montferrat People
0%
Napoleonic Kingdom of Italy
0%
Napoleonic Kingdom of Naples
0%
Palermo
0%
Principality of Lucca and Piombino
0%
Principality of Piombino
0%
Republic of Florence
0%
Republic of Lucca
0%
Republic of Sassari
0%
Republic of Sienna
0%
Sette Comuni
0%
Transpadane Republic
0%
Urbino
0%
Verona
0%

Score Distribution

Percentile by Number Answered

Percent of People with Each Score

Your Score History

You have not taken this quiz